Paritantra (Record no. 13076)

MARC details
000 -LEADER
fixed length control field 00308nam a22001097a 4500
008 - FIXED-LENGTH DATA ELEMENTS--GENERAL INFORMATION
fixed length control field 230323b |||||||| |||| 00| 0 eng d
040 ## - CATALOGING SOURCE
Original cataloging agency National Science Library
Transcribing agency National Science Library
245 ## - TITLE STATEMENT
Title Paritantra
260 ## - PUBLICATION, DISTRIBUTION, ETC.
Place of publication, distribution, etc. New Delhi:
Name of publisher, distributor, etc. Wiley Eastern Limited,
Date of publication, distribution, etc. 1993
310 ## - CURRENT PUBLICATION FREQUENCY
Current publication frequency Half-yearly
942 ## - ADDED ENTRY ELEMENTS (KOHA)
Koha item type Continuing Resources
Holdings
Withdrawn status Lost status Materials specified (bound volume or other part) Damaged status Not for loan Home library Current library Shelving location Date acquired Total Checkouts Barcode Date last seen Price effective from Koha item type
    Vol. 1 (1-2), 1993     National Science Library National Science Library FF/Rk-19/C-5/R-3 25/01/2001   148052 23/03/2023 23/03/2023 Continuing Resources